00481nam a2200169 a 45000010005000000030005000050050017000100080041000270400020000681000018000882450117001062500017002232600026002403000011002666500013002776500021002903649CDMR20131018154446.0130130s1970||||||||||||||||||||||||||||d aCDMRbcatcCDMR1 aVela, Gabriel10aTécnica del impresor y del litógrafob: datos y consejos para la estampación tipográfica y litográfica a2a ed. corr. aGranadac1970b[s.n.] a192 p.04aImpremta04aArts gràfiques